000 00603 a2200169 4500
003 NUST
038 _aZahoor
082 _aBICSE-2
100 _aJunaid Khalid
_992223
245 _aCombination of MIMO with MC-CDMA System [Project BICSE2]
_c Junaid Khalid
260 _a Islamabad,
_bNUST School of Electrical Engineering & Computer Science,
_c2008.
300 _a124 p.
_b: ill.
_c; 27 cm. +
_eCD-ROM
500 _aSupervisors : Ms. Khalida Noori, Mr. Sami Ahmad Haider.
700 _aM. Talha Ahmad
_992224
856 _uhttp://10.250.8.41:8080/xmlui/handle/123456789/8522
942 _cPR
_kBICSE-2 JUN
_2ddc
999 _c9143
_d9143